Normal view
MARC view
- Cemal, Behçet.
Entry Personal Name
001 - CONTROL NUMBER
- control field: 150386
003 - CONTROL NUMBER IDENTIFIER
- control field: TR-AnTOB
005 - DATE AND TIME OF LATEST TRANSACTION
- control field: 20251014163531.0
008 - FIXED-LENGTH DATA ELEMENTS
- fixed length control field: 180414|| aca||aabn | a|a d
040 ## - CATALOGING SOURCE
- Original cataloging agency: SULEY
- Language of cataloging: tur
- Description conventions: rda
- Transcribing agency: SULEY
- Modifying agency: TR-AnTOB
100 1# - HEADING--PERSONAL NAME
- Personal name: Cemal, Behçet.
670 ## - SOURCE DATA FOUND
- Source citation: Hatıralar : İttihat ve Terakki, I. Dünya Savaşı anıları, 1977:
- Information found: t.p. (Behçet Kemal, tamamlayan ve düzenleyen)



